Normal view MARC view

Entry Personal Name

Number of records used in: 2

001 - CONTROL NUMBER

  • control field: 1160360

003 - CONTROL NUMBER IDENTIFIER

  • control field: OSt

005 - DATE AND TIME OF LATEST TRANSACTION

  • control field: 20260324120904.0

008 - FIXED-LENGTH DATA ELEMENTS

  • fixed length control field: 260324|| aca||aabn | a|a d

040 ## - CATALOGING SOURCE

  • Original cataloging agency: OSt
  • Transcribing agency: OSt

100 ## - HEADING--PERSONAL NAME

  • Personal name: Abbie J. Shipp; Yitzhak Fried

670 ## - SOURCE DATA FOUND

  • Source citation: Work cat.: (OSt)1752132: Abbie J. Shipp; Yitzhak Fried, Time and Work, Volume 2
Copyright @ Delhi University Library System